Normal view
MARC view
- Nadeem Shafiq Malik
Entry Personal Name
001 - CONTROL NUMBER
- control field: 1000
003 - CONTROL NUMBER IDENTIFIER
- control field: NUST
005 - DATE AND TIME OF LATEST TRANSACTION
- control field: 20170517160438.0
008 - FIXED-LENGTH DATA ELEMENTS
- fixed length control field: 170517|| aca||aabn | a|a d
040 ## - CATALOGING SOURCE
- Original cataloging agency: NUST
- Transcribing agency: NUST
100 ## - HEADING--PERSONAL NAME
- Personal name: Nadeem Shafiq Malik
670 ## - SOURCE DATA FOUND
- Source citation: Work cat.: (NUST)24818: Nadeem Shafiq Malik, A sociolinguistic study of Wakhi language of Northern Pakistan, c2014.
